000 00549nam a2200229Ia 4500
005 20250425162704.0
008 250425s9999 xx 000 0 und d
020 _a8450560004
041 _aspa
043 _asp
082 _a631.811
100 _aESPINOSA DE LOS MONTEROS, JULIAN
245 0 _aNUTRICION EN ACUICULTURA II
250 _aS.E
260 _aEspaƱa
_bPLAN DE FORMACION DE TECNICOS SUPERIOR
_c2016
260 _aMADRID
300 _a317
650 _aNUTRICION
700 _aLABARTA, U
942 _c01
010 _a96899
999 _c234405
_d234405